Statistics for All The Pokémon (#0001 - #1025) Quiz (No Types)

Click here to take the quiz!

General Stats

  • This quiz has been taken 85,723 times
    (6,831 since last reset)
  • The average score is 437 of 1025

Answer Stats

No.Pokémon% Correct
#0001Bulbasaur
91%
#0004Charmander
90%
#0006Charizard
89%
#0007Squirtle
87%
#0002Ivysaur
86%
#0005Charmeleon
85%
#0025Pikachu
85%
#0009Blastoise
83%
#0003Venusaur
82%
#0008Wartortle
81%
#0026Raichu
80%
#0151Mew
79%
#0150Mewtwo
78%
#0012Butterfree
77%
#0010Caterpie
77%
#0015Beedrill
75%
#0133Eevee
75%
#0011Metapod
75%
#0016Pidgey
75%
#0013Weedle
75%
#0018Pidgeot
74%
#0014Kakuna
73%
#0017Pidgeotto
73%
#0136Flareon
72%
#0094Gengar
72%
#0135Jolteon
72%
#0172Pichu
72%
#0134Vaporeon
72%
#0144Articuno
71%
#0019Rattata
71%
#0145Zapdos
71%
#0149Dragonite
70%
#0092Gastly
70%
#0129Magikarp
70%
#0146Moltres
70%
#0074Geodude
69%
#0093Haunter
69%
#0197Umbreon
69%
#0148Dragonair
68%
#0147Dratini
68%
#0020Raticate
68%
#0039Jigglypuff
67%
#0052Meowth
67%
#0095Onix
67%
#0063Abra
66%
#0024Arbok
66%
#0050Diglett
66%
#0023Ekans
66%
#0196Espeon
66%
#0076Golem
66%
#0130Gyarados
66%
#0143Snorlax
66%
#0021Spearow
66%
#0065Alakazam
65%
#0051Dugtrio
65%
#0022Fearow
65%
#0075Graveler
65%
#0470Leafeon
65%
#0068Machamp
65%
#0037Vulpix
65%
#0059Arcanine
64%
#0035Clefairy
64%
#0064Kadabra
64%
#0067Machoke
64%
#0066Machop
64%
#0034Nidoking
64%
#0031Nidoqueen
64%
#0032Nidoran♂
64%
#0029Nidoran♀
64%
#0053Persian
64%
#0471Glaceon
63%
#0126Magmar
63%
#0030Nidorina
63%
#0033Nidorino
63%
#0038Ninetales
63%
#0700Sylveon
63%
#0040Wigglytuff
63%
#0152Chikorita
62%
#0036Clefable
62%
#0155Cyndaquil
62%
#0058Growlithe
62%
#0250Ho-Oh
62%
#0081Magnemite
62%
#0043Oddish
62%
#0077Ponyta
62%
#0255Torchic
62%
#0041Zubat
62%
#0113Chansey
61%
#0125Electabuzz
61%
#0044Gloom
61%
#0042Golbat
61%
#0131Lapras
61%
#0249Lugia
61%
#0082Magneton
61%
#0122Mr. Mime
61%
#0258Mudkip
61%
#0089Muk
61%
#0078Rapidash
61%
#0123Scyther
61%
#0158Totodile
61%
#0100Voltorb
61%
#0257Blaziken
60%
#0101Electrode
60%
#0383Groudon
60%
#0107Hitmonchan
60%
#0106Hitmonlee
60%
#0124Jynx
60%
#0109Koffing
60%
#0393Piplup
60%
#0384Rayquaza
60%
#0208Steelix
60%
#0110Weezing
60%
#0069Bellsprout
59%
#0244Entei
59%
#0088Grimer
59%
#0382Kyogre
59%
#0056Mankey
59%
#0112Rhydon
59%
#0027Sandshrew
59%
#0245Suicune
59%
#0157Typhlosion
59%
#0045Vileplume
59%
#0153Bayleef
58%
#0483Dialga
58%
#0132Ditto
58%
#0239Elekid
58%
#0140Kabuto
58%
#0154Meganium
58%
#0484Palkia
58%
#0156Quilava
58%
#0028Sandslash
58%
#0086Seel
58%
#0080Slowbro
58%
#0079Slowpoke
58%
#0121Starmie
58%
#0120Staryu
58%
#0128Tauros
58%
#0252Treecko
58%
#0493Arceus
57%
#0390Chimchar
57%
#0282Gardevoir
57%
#0118Goldeen
57%
#0174Igglybuff
57%
#0141Kabutops
57%
#0061Poliwhirl
57%
#0057Primeape
57%
#0054Psyduck
57%
#0243Raikou
57%
#0111Rhyhorn
57%
#0387Turtwig
57%
#0070Weepinbell
57%
#0142Aerodactyl
56%
#0173Cleffa
56%
#0169Crobat
56%
#0087Dewgong
56%
#0395Empoleon
56%
#0160Feraligatr
56%
#0116Horsea
56%
#0392Infernape
56%
#0240Magby
56%
#0060Poliwag
56%
#0062Poliwrath
56%
#0280Ralts
56%
#0378Regice
56%
#0254Sceptile
56%
#0212Scizor
56%
#0119Seaking
56%
#0495Snivy
56%
#0260Swampert
56%
#0072Tentacool
56%
#0073Tentacruel
56%
#0242Blissey
55%
#0251Celebi
55%
#0256Combusken
55%
#0159Croconaw
55%
#0055Golduck
55%
#0658Greninja
55%
#0448Lucario
55%
#0138Omanyte
55%
#0139Omastar
55%
#0137Porygon
55%
#0377Regirock
55%
#0379Registeel
55%
#0117Seadra
55%
#0498Tepig
55%
#0389Torterra
55%
#0248Tyranitar
55%
#0071Victreebel
55%
#0104Cubone
54%
#0084Doduo
54%
#0253Grovyle
54%
#0237Hitmontop
54%
#0281Kirlia
54%
#0467Magmortar
54%
#0259Marshtomp
54%
#0446Munchlax
54%
#0199Slowking
54%
#0175Togepi
54%
#0049Venomoth
54%
#0048Venonat
54%
#0083Farfetch’d
53%
#0445Garchomp
53%
#0487Giratina
53%
#0097Hypno
53%
#0246Larvitar
53%
#0725Litten
53%
#0105Marowak
53%
#0501Oshawott
53%
#0127Pinsir
53%
#0447Riolu
53%
#0722Rowlet
53%
#0085Dodrio
52%
#0096Drowzee
52%
#0500Emboar
52%
#0656Froakie
52%
#0475Gallade
52%
#0163Hoothoot
52%
#0115Kangaskhan
52%
#0230Kingdra
52%
#0462Magnezone
52%
#0376Metagross
52%
#0391Monferno
52%
#0046Paras
52%
#0247Pupitar
52%
#0486Regigigas
52%
#0643Reshiram
52%
#0373Salamence
52%
#0497Serperior
52%
#0114Tangela
52%
#0644Zekrom
52%
#0263Zigzagoon
52%
#0371Bagon
51%
#0091Cloyster
51%
#0491Darkrai
51%
#0466Electivire
51%
#0103Exeggutor
51%
#0229Houndoom
51%
#0098Krabby
51%
#0439Mime Jr.
51%
#0164Noctowl
51%
#0047Parasect
51%
#0394Prinplup
51%
#0503Samurott
51%
#0396Starly
51%
#0176Togetic
51%
#0268Cascoon
50%
#0650Chespin
50%
#0386Deoxys
50%
#0102Exeggcute
50%
#0443Gible
50%
#0388Grotle
50%
#0727Incineroar
50%
#0385Jirachi
50%
#0099Kingler
50%
#0380Latias
50%
#0381Latios
50%
#0375Metang
50%
#0233Porygon2
50%
#0464Rhyperior
50%
#0090Shellder
50%
#0398Staraptor
50%
#0468Togekiss
50%
#0217Ursaring
50%
#0194Wooper
50%
#0265Wurmple
50%
#0267Beautifly
49%
#0374Beldum
49%
#0502Dewott
49%
#0653Fennekin
49%
#0162Furret
49%
#0444Gabite
49%
#0440Happiny
49%
#0228Houndour
49%
#0108Lickitung
49%
#0264Linoone
49%
#0792Lunala
49%
#0179Mareep
49%
#0312Minun
49%
#0311Plusle
49%
#0186Politoed
49%
#0474Porygon-Z
49%
#0266Silcoon
49%
#0238Smoochum
49%
#0215Sneasel
49%
#0397Staravia
49%
#0216Teddiursa
49%
#0181Ampharos
48%
#0724Decidueye
48%
#0655Delphox
48%
#0269Dustox
48%
#0349Feebas
48%
#0214Heracross
48%
#0405Luxray
48%
#0350Milotic
48%
#0241Miltank
48%
#0499Pignite
48%
#0195Quagsire
48%
#0813Scorbunny
48%
#0161Sentret
48%
#0496Servine
48%
#0403Shinx
48%
#0236Tyrogue
48%
#0494Victini
48%
#0716Xerneas
48%
#0717Yveltal
48%
#0718Zygarde
48%
#0168Ariados
47%
#0182Bellossom
47%
#0399Bidoof
47%
#0657Frogadier
47%
#0261Poochyena
47%
#0372Shelgon
47%
#0816Sobble
47%
#0791Solgaleo
47%
#0185Sudowoodo
47%
#0201Unown
47%
#0461Weavile
47%
#0184Azumarill
46%
#0652Chesnaught
46%
#0815Cinderace
46%
#0330Flygon
46%
#0362Glalie
46%
#0646Kyurem
46%
#0404Luxio
46%
#0183Marill
46%
#0262Mightyena
46%
#0200Misdreavus
46%
#0198Murkrow
46%
#0728Popplio
46%
#0730Primarina
46%
#0492Shaymin
46%
#0227Skarmory
46%
#0361Snorunt
46%
#0167Spinarak
46%
#0277Swellow
46%
#0320Wailmer
46%
#0321Wailord
46%
#0278Wingull
46%
#0304Aron
45%
#0482Azelf
45%
#0180Flaaffy
45%
#0478Froslass
45%
#0909Fuecoco
45%
#0203Girafarig
45%
#0810Grookey
45%
#0428Lopunny
45%
#0429Mismagius
45%
#0336Seviper
45%
#0218Slugma
45%
#0220Swinub
45%
#0276Taillow
45%
#0480Uxie
45%
#0359Absol
44%
#0400Bibarel
44%
#0654Braixen
44%
#0323Camerupt
44%
#0488Cresselia
44%
#0356Dusclops
44%
#0355Duskull
44%
#0706Goodra
44%
#0818Inteleon
44%
#0270Lotad
44%
#0272Ludicolo
44%
#0481Mesprit
44%
#0279Pelipper
44%
#0221Piloswine
44%
#0912Quaxly
44%
#0315Roselia
44%
#0407Roserade
44%
#0479Rotom
44%
#0319Sharpedo
44%
#0289Slaking
44%
#0363Spheal
44%
#0906Sprigatito
44%
#0465Tangrowth
44%
#0726Torracat
44%
#0328Trapinch
44%
#0306Aggron
43%
#0334Altaria
43%
#0610Axew
43%
#0298Azurill
43%
#0406Budew
43%
#0427Buneary
43%
#0638Cobalion
43%
#0415Combee
43%
#0633Deino
43%
#0232Donphan
43%
#0206Dunsparce
43%
#0704Goomy
43%
#0297Hariyama
43%
#0485Heatran
43%
#0635Hydreigon
43%
#1007Koraidon
43%
#0645Landorus
43%
#0165Ledyba
43%
#0337Lunatone
43%
#0219Magcargo
43%
#0473Mamoswine
43%
#0490Manaphy
43%
#0908Meowscarada
43%
#1008Miraidon
43%
#0322Numel
43%
#0274Nuzleaf
43%
#0417Pachirisu
43%
#0511Pansage
43%
#0513Pansear
43%
#0231Phanpy
43%
#0519Pidove
43%
#0895Regidrago
43%
#0812Rillaboom
43%
#0302Sableye
43%
#0273Seedot
43%
#0338Solrock
43%
#0234Stantler
43%
#0639Terrakion
43%
#0641Tornadus
43%
#0901Ursaluna
43%
#0640Virizion
43%
#0888Zacian
43%
#0335Zangoose
43%
#0570Zorua
43%
#0460Abomasnow
42%
#0411Bastiodon
42%
#0438Bonsly
42%
#0723Dartrix
42%
#0477Dusknoir
42%
#0309Electrike
42%
#0207Gligar
42%
#0430Honchkrow
42%
#0647Keldeo
42%
#0171Lanturn
42%
#0166Ledian
42%
#0271Lombre
42%
#0296Makuhita
42%
#0226Mantine
42%
#0778Mimikyu
42%
#0866Mr. Rime
42%
#0177Natu
42%
#0299Nosepass
42%
#0515Panpour
42%
#0489Phione
42%
#0211Qwilfish
42%
#0814Raboot
42%
#0894Regieleki
42%
#0410Shieldon
42%
#0275Shiftry
42%
#0516Simipour
42%
#0512Simisage
42%
#0514Simisear
42%
#0300Skitty
42%
#0287Slakoth
42%
#0333Swablu
42%
#0663Talonflame
42%
#0324Torkoal
42%
#0329Vibrava
42%
#0637Volcarona
42%
#0202Wobbuffet
42%
#0178Xatu
42%
#0193Yanma
42%
#0889Zamazenta
42%
#0571Zoroark
42%
#0190Aipom
41%
#0354Banette
41%
#0418Buizel
41%
#0412Burmy
41%
#0794Buzzwole
41%
#0609Chandelure
41%
#0170Chinchou
41%
#0789Cosmog
41%
#0408Cranidos
41%
#0225Delibird
41%
#0587Emolga
41%
#0661Fletchling
41%
#0187Hoppip
41%
#0305Lairon
41%
#0345Lileep
41%
#0506Lillipup
41%
#0607Litwick
41%
#0370Luvdisc
41%
#0310Manectric
41%
#0303Mawile
41%
#0224Octillery
41%
#0651Quilladin
41%
#0409Rampardos
41%
#0223Remoraid
41%
#0364Sealeo
41%
#0285Shroomish
41%
#0353Shuppet
41%
#0192Sunflora
41%
#0642Thundurus
41%
#0357Tropius
41%
#0416Vespiquen
41%
#0288Vigoroth
41%
#0365Walrein
41%
#0347Anorith
40%
#0348Armaldo
40%
#0286Breloom
40%
#0729Brionne
40%
#0331Cacnea
40%
#0332Cacturne
40%
#0318Carvanha
40%
#0366Clamperl
40%
#0222Corsola
40%
#0346Cradily
40%
#0301Delcatty
40%
#0425Drifloon
40%
#0419Floatzel
40%
#0649Genesect
40%
#0472Gliscor
40%
#0612Haxorus
40%
#0367Huntail
40%
#0595Joltik
40%
#0189Jumpluff
40%
#0463Lickilicky
40%
#0294Loudred
40%
#0458Mantyke
40%
#0308Medicham
40%
#0307Meditite
40%
#0648Meloetta
40%
#0291Ninjask
40%
#0504Patrat
40%
#0204Pineco
40%
#0432Purugly
40%
#0551Sandile
40%
#0292Shedinja
40%
#0188Skiploom
40%
#0235Smeargle
40%
#0459Snover
40%
#0442Spiritomb
40%
#0191Sunkern
40%
#0521Unfezant
40%
#0413Wormadam
40%
#0360Wynaut
40%
#0562Yamask
40%
#0469Yanmega
40%
#0634Zweilous
40%
#0550Basculin
39%
#0625Bisharp
39%
#0628Braviary
39%
#0358Chimecho
39%
#0823Corviknight
39%
#0613Cubchoo
39%
#0702Dedenne
39%
#0426Drifblim
39%
#0890Eternatus
39%
#0295Exploud
39%
#0662Fletchinder
39%
#0205Forretress
39%
#0431Glameow
39%
#0368Gorebyss
39%
#0210Granbull
39%
#0507Herdier
39%
#0720Hoopa
39%
#1006Iron Valiant
39%
#0900Kleavor
39%
#0636Larvesta
39%
#0414Mothim
39%
#0800Necrozma
39%
#0290Nincada
39%
#0862Obstagoon
39%
#0509Purrloin
39%
#0539Sawk
39%
#0865Sirfetch'd
39%
#0705Sliggoo
39%
#0327Spinda
39%
#0508Stoutland
39%
#0785Tapu Koko
39%
#0786Tapu Lele
39%
#0505Watchog
39%
#0293Whismur
39%
#0523Zebstrika
39%
#0424Ambipom
38%
#0840Applin
38%
#0614Beartic
38%
#0522Blitzle
38%
#0437Bronzong
38%
#0436Bronzor
38%
#0351Castform
38%
#0980Clodsire
38%
#0790Cosmoem
38%
#0719Diancie
38%
#0669Flabébé
38%
#0611Fraxure
38%
#0316Gulpin
38%
#0992Iron Hands
38%
#0599Klink
38%
#0608Lampent
38%
#0542Leavanny
38%
#0510Liepard
38%
#0549Lilligant
38%
#0667Litleo
38%
#0714Noibat
38%
#0715Noivern
38%
#0624Pawniard
38%
#0476Probopass
38%
#0369Relicanth
38%
#0744Rockruff
38%
#0911Skeledirge
38%
#0903Sneasler
38%
#0209Snubbull
38%
#0325Spoink
38%
#0283Surskit
38%
#0787Tapu Bulu
38%
#0788Tapu Fini
38%
#0538Throh
38%
#0733Toucannon
38%
#0454Toxicroak
38%
#0520Tranquill
38%
#0568Trubbish
38%
#0696Tyrunt
38%
#0721Volcanion
38%
#0567Archeops
37%
#0531Audino
37%
#0713Avalugg
37%
#0433Chingling
37%
#0344Claydol
37%
#0563Cofagrigus
37%
#0341Corphish
37%
#0822Corvisquire
37%
#0342Crawdaunt
37%
#0453Croagunk
37%
#0529Drilbur
37%
#0530Excadrill
37%
#0671Florges
37%
#0596Galvantula
37%
#0423Gastrodon
37%
#0314Illumise
37%
#0352Kecleon
37%
#0600Klang
37%
#0707Klefki
37%
#0601Klinklang
37%
#0401Kricketot
37%
#0402Kricketune
37%
#0552Krokorok
37%
#0553Krookodile
37%
#0745Lycanroc
37%
#0517Munna
37%
#0731Pikipek
37%
#0668Pyroar
37%
#0914Quaquaval
37%
#0524Roggenrola
37%
#0627Rufflet
37%
#0545Scolipede
37%
#0540Sewaddle
37%
#0422Shellos
37%
#0317Swalot
37%
#0811Thwackey
37%
#0532Timburr
37%
#0697Tyrantrum
37%
#0666Vivillon
37%
#0313Volbeat
37%
#0527Woobat
37%
#0681Aegislash
36%
#0979Annihilape
36%
#0566Archen
36%
#0343Baltoy
36%
#0525Boldore
36%
#0659Bunnelby
36%
#0441Chatot
36%
#0534Conkeldurr
36%
#0580Ducklett
36%
#0982Dudunsparce
36%
#0981Farigiraf
36%
#0456Finneon
36%
#0670Floette
36%
#0590Foongus
36%
#0569Garbodor
36%
#0526Gigalith
36%
#0623Golurk
36%
#0574Gothita
36%
#0576Gothitelle
36%
#0326Grumpig
36%
#0533Gurdurr
36%
#0799Guzzlord
36%
#0701Hawlucha
36%
#0991Iron Bundle
36%
#0990Iron Treads
36%
#0798Kartana
36%
#0284Masquerain
36%
#0518Musharna
36%
#0821Rookidee
36%
#0985Scream Tail
36%
#0213Shuckle
36%
#0577Solosis
36%
#0581Swanna
36%
#0528Swoobat
36%
#0777Togedemaru
36%
#0709Trevenant
36%
#0602Tynamo
36%
#0543Venipede
36%
#0544Whirlipede
36%
#0340Whiscash
36%
#0960Wiglett
36%
#0591Amoonguss
35%
#0842Appletun
35%
#0699Aurorus
35%
#0339Barboach
35%
#0902Basculegion
35%
#0712Bergmite
35%
#0455Carnivine
35%
#0737Charjabug
35%
#0421Cherrim
35%
#0420Cherubi
35%
#0546Cottonee
35%
#0555Darmanitan
35%
#0554Darumaka
35%
#0585Deerling
35%
#0660Diggersby
35%
#0817Drizzile
35%
#0578Duosion
35%
#0841Flapple
35%
#0907Floragato
35%
#0673Gogoat
35%
#0575Gothorita
35%
#0449Hippopotas
35%
#0450Hippowdon
35%
#0679Honedge
35%
#0784Kommo-o
35%
#0457Lumineon
35%
#0801Magearna
35%
#0630Mandibuzz
35%
#0536Palpitoad
35%
#0674Pancham
35%
#0548Petilil
35%
#0708Phantump
35%
#0710Pumpkaboo
35%
#1005Roaring Moon
35%
#0664Scatterbug
35%
#0537Seismitoad
35%
#0435Skuntank
35%
#0665Spewpa
35%
#0805Stakataka
35%
#0434Stunky
35%
#0541Swadloon
35%
#0535Tympole
35%
#0582Vanillite
35%
#0738Vikavolt
35%
#0547Whimsicott
35%
#0831Wooloo
35%
#0961Wugtrio
35%
#0899Wyrdeer
35%
#0594Alomomola
34%
#0698Amaura
34%
#0565Carracosta
34%
#0615Cryogonal
34%
#0864Cursola
34%
#0680Doublade
34%
#0887Dragapult
34%
#0452Drapion
34%
#0885Dreepy
34%
#0621Druddigon
34%
#0632Durant
34%
#0604Eelektross
34%
#0905Enamorus
34%
#0677Espurr
34%
#0987Flutter Mane
34%
#1000Gholdengo
34%
#0622Golett
34%
#0631Heatmor
34%
#1010Iron Leaves
34%
#0994Iron Moth
34%
#0782Jangmo-o
34%
#0983Kingambit
34%
#0915Lechonk
34%
#0809Melmetal
34%
#0808Meltan
34%
#0793Nihilego
34%
#1017Ogerpon
34%
#0921Pawmi
34%
#0922Pawmo
34%
#0863Perrserker
34%
#0795Pheromosa
34%
#0803Poipole
34%
#0913Quaxwell
34%
#0579Reuniclus
34%
#0586Sawsbuck
34%
#0451Skorupi
34%
#0564Tirtouga
34%
#0732Trumbeak
34%
#0892Urshifu
34%
#0583Vanillish
34%
#0584Vanilluxe
34%
#0629Vullaby
34%
#1009Walking Wake
34%
#0796Xurkitree
34%
#0734Yungoos
34%
#0806Blacephalon
33%
#0898Calyrex
33%
#0703Carbink
33%
#0797Celesteela
33%
#0910Crocalor
33%
#0558Crustle
33%
#0884Duraludon
33%
#0557Dwebble
33%
#0603Eelektrik
33%
#0592Frillish
33%
#0676Furfrou
33%
#0999Gimmighoul
33%
#0984Great Tusk
33%
#0736Grubbin
33%
#0735Gumshoos
33%
#0686Inkay
33%
#0593Jellicent
33%
#0891Kubfu
33%
#0556Maractus
33%
#0802Marshadow
33%
#0678Meowstic
33%
#0804Naganadel
33%
#0904Overqwil
33%
#0675Pangoro
33%
#0758Salazzle
33%
#0672Skiddo
33%
#0872Snom
33%
#0618Stunfisk
33%
#0835Yamper
33%
#0807Zeraora
33%
#0683Aromatisse
32%
#0760Bewear
32%
#0836Boltund
32%
#0626Bouffalant
32%
#0751Dewpider
32%
#0597Ferroseed
32%
#0598Ferrothorn
32%
#0711Gourgeist
32%
#0783Hakamo-o
32%
#0694Helioptile
32%
#1019Hydrapple
32%
#0993Iron Jugulis
32%
#0995Iron Thorns
32%
#0619Mienfoo
32%
#0620Mienshao
32%
#0774Minior
32%
#0923Pawmot
32%
#0757Salandit
32%
#0560Scrafty
32%
#0559Scraggy
32%
#0616Shelmet
32%
#0561Sigilyph
32%
#0854Sinistea
32%
#0690Skrelp
32%
#0685Slurpuff
32%
#0682Spritzee
32%
#0684Swirlix
32%
#0948Toedscool
32%
#0949Toedscruel
32%
#0772Type: Null
32%
#0893Zarude
32%
#0617Accelgor
31%
#0869Alcremie
31%
#0752Araquanid
31%
#0998Baxcalibur
31%
#0761Bounsweet
31%
#0692Clauncher
31%
#0693Clawitzer
31%
#0739Crabrawler
31%
#0742Cutiefly
31%
#1011Dipplin
31%
#0882Dracovish
31%
#0691Dragalge
31%
#0780Drampa
31%
#0832Dubwool
31%
#0589Escavalier
31%
#0896Glastrier
31%
#0695Heliolisk
31%
#0588Karrablast
31%
#0687Malamar
31%
#0572Minccino
31%
#0877Morpeko
31%
#0749Mudbray
31%
#0750Mudsdale
31%
#0741Oricorio
31%
#0855Polteageist
31%
#0743Ribombee
31%
#0819Skwovet
31%
#0897Spectrier
31%
#1024Terapagos
31%
#0748Toxapex
31%
#0746Wishiwashi
31%
#0883Arctovish
30%
#0779Bruxish
30%
#1002Chien-Pao
30%
#0573Cinccino
30%
#0764Comfey
30%
#0740Crabominable
30%
#0886Drakloak
30%
#0873Frosmoth
30%
#0820Greedent
30%
#0861Grimmsnarl
30%
#0858Hatterene
30%
#0859Impidimp
30%
#1023Iron Crown
30%
#1014Okidogi
30%
#0765Oranguru
30%
#0826Orbeetle
30%
#1025Pecharunt
30%
#0867Runerigus
30%
#0773Silvally
30%
#0988Slither Wing
30%
#0928Smoliv
30%
#0759Stufful
30%
#0959Tinkaton
30%
#0848Toxel
30%
#0763Tsareena
30%
#0776Turtonator
30%
#0767Wimpod
30%
#1018Archaludon
29%
#0881Arctozolt
29%
#0824Blipbug
29%
#0986Brute Bonnet
29%
#0833Chewtle
29%
#0880Dracozolt
29%
#0834Drednaw
29%
#0605Elgyem
29%
#0870Falinks
29%
#0753Fomantis
29%
#0996Frigibax
29%
#0768Golisopod
29%
#1022Iron Boulder
29%
#0941Kilowattrel
29%
#0754Lurantis
29%
#0747Mareanie
29%
#1015Munkidori
29%
#0916Oinkologne
29%
#1021Raging Bolt
29%
#0837Rolycoly
29%
#0989Sandy Shocks
29%
#0918Spidops
29%
#0762Steenee
29%
#0978Tatsugiri
29%
#0849Toxtricity
29%
#0940Wattrel
29%
#0997Arctibax
28%
#0689Barbaracle
28%
#0606Beheeyem
28%
#0688Binacle
28%
#0962Bombirdier
28%
#0851Centiskorch
28%
#0937Ceruledge
28%
#1004Chi-Yu
28%
#0839Coalossal
28%
#0781Dhelmise
28%
#0977Dondozo
28%
#0825Dottler
28%
#0875Eiscue
28%
#1016Fezandipiti
28%
#0973Flamigo
28%
#0856Hatenna
28%
#0857Hattrem
28%
#0775Komala
28%
#0920Lokix
28%
#0868Milcery
28%
#0860Morgrem
28%
#0827Nickit
28%
#0766Passimian
28%
#0769Sandygast
28%
#0828Thievul
28%
#1003Ting-Lu
28%
#0957Tinkatink
28%
#1001Wo-Chien
28%
#0930Arboliva
27%
#0936Armarouge
27%
#0838Carkol
27%
#0935Charcadet
27%
#0967Cyclizar
27%
#0929Dolliv
27%
#0926Fidough
27%
#1020Gouging Fire
27%
#0755Morelull
27%
#0770Palossand
27%
#0771Pyukumuku
27%
#0756Shiinotic
27%
#1013Sinistcha
27%
#0850Sizzlipede
27%
#0965Varoom
27%
#0846Arrokuda
26%
#0847Barraskewda
26%
#0879Copperajah
26%
#0878Cufant
26%
#0830Eldegoss
26%
#0971Greavard
26%
#0876Indeedee
26%
#0950Klawf
26%
#0943Mabosstiff
26%
#0925Maushold
26%
#0919Nymble
26%
#0968Orthworm
26%
#0964Palafin
26%
#0966Revavroom
26%
#0844Sandaconda
26%
#0874Stonjourner
26%
#0917Tarountula
26%
#0958Tinkatuff
26%
#0939Bellibolt
25%
#0975Cetitan
25%
#0974Cetoddle
25%
#0852Clobbopus
25%
#0845Cramorant
25%
#0927Dachsbun
25%
#0963Finizen
25%
#0934Garganacl
25%
#0829Gossifleur
25%
#0853Grapploct
25%
#0972Houndstone
25%
#0932Nacli
25%
#0871Pincurchin
25%
#1012Poltchageist
25%
#0843Silicobra
25%
#0924Tandemaus
25%
#0976Veluza
25%
#0956Espathra
24%
#0955Flittle
24%
#0969Glimmet
24%
#0970Glimmora
24%
#0942Maschiff
24%
#0933Naclstack
24%
#0952Scovillain
24%
#0938Tadbulb
24%
#0951Capsakid
23%
#0945Grafaiai
23%
#0954Rabsca
23%
#0953Rellor
23%
#0947Brambleghast
22%
#0946Bramblin
22%
#0944Shroodle
22%
#0931Squawkabilly
22%

Score Distribution

Percentile by Number Answered

Percent of People with Each Score

Your Score History

You have not taken this quiz since the last reset